Statistics for Countries with the most cars

Click here to take the quiz!

General Stats

  • This quiz has been taken 63 times
  • The average score is 9 of 15

Answer Stats

Cars per 1,000
People
Country% Correct
816United States
97%
685Canada
91%
789Australia
83%
837New Zealand
74%
899Monaco
69%
670Luxembourg
64%
1,263San Marino
60%
720Switzerland
59%
773Liechtenstein
57%
752Finland
55%
824Iceland
55%
719Poland
50%
655Italy
45%
766Malta
43%
721Brunei
22%

Score Distribution

Percentile by Number Answered

Percent of People with Each Score

Your Score History

You have not taken this quiz